ბათუმის შოთა რუსთაველის სახელმწიფო უნივერსიტეტის ბიბლიოთეკა

უტერო - პლაცენტური სისხლის მიმოქცევის დარღვევის როლი ორსულობის გართულების პათოგენეზში / (ბიბ.ჩანაწერი № 51824)

000 -ლიდერი
ფიქსირებული სიგრძის საკონტროლო ველი 01620nam a2200265Ia 4500
001 - საკონტროლო ნომერი
საკონტროლო ველი 18819
003 - საკონტროლო ნომრის იდენტიფიკატორი
საკონტროლო ველი GE_BSU
005 - ბოლო ოპერაციის თარიღი და დრო
საკონტროლო ველი 20210405182011.0
008 - ფიქსირებული სიგრძის მონაცემთა ელემენტები - ზოგადი ინფორმაცია
ფიქსირებული სიგრძის საკონტროლო ველი 181216s2016||||ge |||||||||||||| ||geo||
040 ## - კატალოგიზაციის წყარო
Transcribing agency GE_BSU
041 ## - ენის კოდი
Language code of text/sound track or separate title geo
080 ## - უნივერსალური ათობითი კლასიფიკაციის ინდექსი
Universal Decimal Classification number 61 შ-24
100 ## - მთავარი ჩანაწერი - პიროვნების სახელი
Personal name შარაშენიძე, არჩილ
9 (RLIN) 11088
245 ## - ცნობა სათაურის შესახებ
Title უტერო - პლაცენტური სისხლის მიმოქცევის დარღვევის როლი ორსულობის გართულების პათოგენეზში /
Statement of responsibility, etc არჩილ შარაშენიძე; სამეცნ. ხელმძღვანელი ლ. კიკალიშვილი. პ. კინტარია ; თბილისის სახ-ლო სამედიცინო უნ-ტი.
264 ## - წარმოების, გამოცემის, დისტრიბუციის და სხვა ცნობები
გამოცემის, წარმოების, დისტრიბუციის... ადგილი თბილისი :
გამოცემის, წარმოების, დისტრიბუციის... სახელწოდება თსუ,
გამოცემის, წარმოების, დისტრიბუციის... თარიღი 2016.
300 ## - ფიზიკური აღწერა
Extent 153 გვ.
Other physical details 30 სმ.
504 ## - BIBLIOGRAPHY, ETC. NOTE
Bibliography, etc ბიბლიოგრ. გვ. 136-154
653 ## - INDEX TERM--UNCONTROLLED
Uncontrolled term დისერტაცია
653 ## - INDEX TERM--UNCONTROLLED
Uncontrolled term მედიცინა
653 ## - INDEX TERM--UNCONTROLLED
Uncontrolled term უტორეპლაცენტური სისხლის მიმოქცევის დარღვევის როლი ორსულობის გართულების პათოგენეზში.
700 ## - ADDED ENTRY--PERSONAL NAME
Personal name კიკალიშვილი, ლ.
Relator term სამეცნ. ხელმძღვანელი
9 (RLIN) 3418
700 ## - ADDED ENTRY--PERSONAL NAME
Personal name კინტარია, პ.
Relator term სამეცნ. ხელმძღვანელი
9 (RLIN) 11090
710 ## - ADDED ENTRY--CORPORATE NAME
Corporate name or jurisdiction name as entry element თსუ
9 (RLIN) 11089
942 ## - ADDED ENTRY ELEMENTS (KOHA)
Koha item type წიგნი
Source of classification or shelving scheme
ეგზემპლარები
ჩამოწერის სტატუსი დაკარგული ეგზემპლარის სტატუსი კლასიფიკაციის წყარო ან თაროზე გაწყობის სქემა დაზიანების სტატუსი არ გაიცემა მუდმივი მდებარეობა (დაცვის ადგილი) ამჟამინდელი ადგილსამყოფელი თაროზე განთავსების ადგილი შეძენის თარიღი სრული შენახვის შიფრი შტრიხკოდი ბოლო ოპერაციის თარიღი ეგზემპლარის მიმდევრობითი ნომერი (კეტერი?) ფასის ძალაში შესვლის თარიღი ეგზემპლარის სახეობა
          ბათუმის შოთა რუსთაველის სახელმწიფო უნივერსიტეტის მთავარი ბიბლიოთეკა ბათუმის შოთა რუსთაველის სახელმწიფო უნივერსიტეტის მთავარი ბიბლიოთეკა წიგნსაცავი 2018-12-17 61 შ-24 251 დისერტ. 2018-12-17 251 2018-12-17 დისერტაცია